000 00631nam a2200205 i 4500
001 112810
003 ES-MaACL
005 20230906185634.0
007 t|
008 061121s1909 fr r ||||1| fre d
100 1 _aNietzsche, Friedrich,
_d1844-1900
_985718
245 1 0 _aEcce homo
_b: suivi des poesies /
_cFriedrich Nietzsche ; traduit par Henri Albert.
250 _a5ª. ed.
260 _aParis :
_bMercure de France,
_c1909.
300 _a300 p. ;
_c19 cm.
600 1 4 _aNietzsche, Friedrich,
_d1844-1900-
_xBiografías
_985719
700 1 _aAlbert, Henri.
_919310
852 _aES-MaACL
_jF-8854
999 _c112810
_d112810